| Tag |
First Indicator |
Second Indicator |
Subfields |
| LEADER |
00000cas a2200000 a 4500 |
| 001 |
in00002395083 |
| 005 |
20211129155932.0 |
| 006 |
m d i |
| 007 |
cr cn||||||||| |
| 008 |
060127d19951999qucfx pss f0 0eng c |
| 010 |
|
|
|a 2006267513
|
| 022 |
|
|
|y 1561-0977
|
| 029 |
1 |
|
|a AU@
|b 000040182359
|
| 035 |
|
|
|a (OCoLC)ocm63179211
|
| 037 |
|
|
|b Commission for Environmental Cooperation, 393, rue St-Jacques Ouest, Bureau 200, Montréal (Québec), H2Y 1N9 Canada
|c Free
|
| 040 |
|
|
|a EEM
|c EEM
|d GPO
|d MvI
|d UtOrBLW
|
| 042 |
|
|
|a lcd
|
| 043 |
|
|
|a n------
|
| 049 |
|
|
|a WWW
|
| 050 |
1 |
4 |
|a TD171.5.N7
|
| 074 |
|
|
|a 1105-A-01 (online)
|
| 086 |
0 |
|
|a Y 3.EN 8:15
|
| 130 |
0 |
|
|a ECOregion.
|l English (Online)
|
| 245 |
1 |
0 |
|a ECO region :
|b newsletter of the Secretariat of the Commission for Environmental Cooperation.
|
| 246 |
1 |
|
|i Also known as:
|a Ecoregion
|
| 246 |
3 |
0 |
|a Newsletter of the Secretariat of the Commission for Environmental Cooperation
|
| 264 |
|
1 |
|a Montréal :
|b Commission for Environmental Cooperation,
|c 1995-1999.
|
| 336 |
|
|
|a text
|b txt
|2 rdacontent
|
| 337 |
|
|
|a computer
|b c
|2 rdamedia
|
| 338 |
|
|
|a online resource
|b cr
|2 rdacarrier
|
| 362 |
0 |
|
|a Vol. 1, no. 1 (summer 1995)--no. 7 (spring 1999).
|
| 300 |
|
|
|b HTML file.
|
| 310 |
|
|
|a Semiannual
|
| 538 |
|
|
|a Mode of access: Internet via the CEC web site. Address as of 04/16/08: http://www.cec.org/pubs%5Finfo%5Fresources/ecoregion/index.cfm?varlan=english ; current access available via PURL.
|
| 500 |
|
|
|a Title from title screen (viewed Jan. 27, 2006).
|
| 515 |
|
|
|a Vol. designation dropped with winter/spring 1997.
|
| 515 |
|
|
|a Issue for summer 1998 called special ed.
|
| 500 |
|
|
|a Electronic resource.
|
| 610 |
2 |
0 |
|a Commission for Environmental Cooperation (Montréal, Québec)
|v Periodicals.
|
| 650 |
|
0 |
|a Environmental protection
|z North America
|v Periodicals.
|
| 655 |
|
0 |
|a Electronic newsletters.
|
| 775 |
0 |
8 |
|i Also issued in French:
|t ÉCOrégion. French (Online)
|
| 775 |
0 |
8 |
|i Also issued in Spanish:
|t ECOregión. Spanish (Online)
|
| 776 |
0 |
8 |
|i Also issued in print:
|t ECOregion. English
|x 1561-0977
|w (DLC)sn 98037262
|w (CaOONL)993900216
|w (OCoLC)40433624
|
| 785 |
0 |
0 |
|t Trio (Montréal, Quebec). English (Online)
|x 1609-0810
|w (DLC) 2006267514
|w (OCoLC)61296497
|
| 710 |
2 |
|
|a Commission for Environmental Cooperation (Montréal, Québec).
|b Secretariat.
|
| 856 |
4 |
0 |
|u https://purl.fdlp.gov/GPO/LPS93129
|t 0
|
| 891 |
2 |
0 |
|9 853
|8 1
|a v.
|b no.
|u 2
|v c
|i (year)
|j (season)
|w f
|
| 891 |
4 |
0 |
|9 863
|8 1.1
|a 1-2
|b 1-4
|i 1995-1996
|j 22-22/23
|
| 891 |
2 |
0 |
|9 853
|8 2
|a no.
|i (year)
|j (season)
|w f
|
| 891 |
4 |
1 |
|9 863
|8 1.1
|a 5
|i 1997
|j 24/21
|
| 999 |
|
|
|a MARS
|
| 999 |
f |
f |
|s a9eaa3f3-81a9-3b2e-beee-b5467190667e
|i 8062ac69-1149-3fe2-9c62-fd1369518f21
|t 0
|
| 952 |
f |
f |
|a Texas A&M University
|b College Station
|c Electronic Resources
|d Available Online
|t 0
|e Y 3.EN 8:15
|h Superintendent of Documents classification
|
| 998 |
f |
f |
|a Y 3.EN 8:15
|t 0
|l Available Online
|